Prénoms filles 2005 - Statistiques

Statistiques générales
  • Ce quiz a été pris 321 fois
  • Le résultat moyen est 51 sur 100
Statistiques - réponses
Hint Lettre Prénoms % Correct
25 L Lou
92%
1 E Emma
90%
2 L Léa
88%
12 J Julie
87%
10 M Marie
86%
4 M Manon
84%
6 C Chloé
83%
3 C Clara
80%
22 Z Zoé
79%
5 J Jade
76%
48 C Camille
75%
29 L Louise
75%
83 S Sara
75%
54 A Anna
73%
17 J Juliette
73%
18 L Lisa
72%
8 L Lucie
72%
28 P Pauline
69%
11 L Lola
68%
13 S Sarah
68%
23 L Laura
67%
7 O Océane
67%
26 C Charlotte
66%
46 E Élise
66%
33 J Jeanne
66%
16 I Inès
64%
36 A Alice
63%
35 C Carla
62%
57 J Julia
62%
14 L Léna
62%
41 E Élisa
61%
15 E Eva
61%
21 R Romane
61%
30 J Justine
60%
45 E Émilie
59%
93 L Lise
59%
34 M Marine
59%
19 M Mathilde
59%
27 N Noémie
59%
24 L Lilou
57%
59 L Lina
55%
9 A Anaïs
54%
44 M Margot
54%
37 C Clémence
53%
58 V Valentine
53%
50 M Margaux
52%
51 N Nina
52%
60 L Louane
51%
32 A Alicia
50%
64 M Marion
50%
20 C Célia
49%
55 E Éloïse
49%
42 L Louna
49%
49 A Ambre
48%
65 Y Yasmine
48%
62 A Amélie
47%
38 M Maëlys
46%
82 L Luna
45%
40 M Maëlle
45%
85 V Victoria
45%
63 E Elsa
43%
99 H Héloïse
43%
71 L Lana
43%
84 N Ninon
43%
53 A Amandine
42%
98 C Clémentine
42%
76 F Fanny
42%
52 A Agathe
41%
88 A Adèle
40%
72 E Élodie
40%
56 L Léane
40%
47 M Mélissa
40%
77 S Solène
40%
89 C Claire
39%
74 L Léonie
39%
87 C Cloé
38%
79 L Laurine
36%
31 M Maeva
36%
39 M Morgane
35%
96 A Audrey
34%
90 C Coralie
34%
67 C Cassandra
33%
94 M Méline
33%
69 S Salomé
33%
70 F Flavie
32%
43 I Ilona
32%
75 M Mélina
31%
91 E Émeline
30%
73 A Axelle
29%
78 C Coline
29%
80 A Alexia
28%
86 C Capucine
28%
92 C Clarisse
27%
81 A Andréa
26%
61 C Candice
26%
68 L Loane
26%
66 A Anaëlle
23%
100 M Myriam
21%
97 E Enora
14%
95 A Angelina
13%
Aucun quiz correspondant
Distribution des résultats
% des personnes avec chaque résultat
Percentile par nombre de réponses
Votre historique - résultats
Vous n’avez pas pris ce quiz